Edgar Allan Poe: complete poetry and selected criticism
Guardado en:
| Autores principales: | , |
|---|---|
| Formato: | Libro |
| Lenguaje: | inglés |
| Publicado: |
Chicago
The New American Library
1968
|
| Colección: | The Signet Classic Poetry Series
|
| Materias: | |
| Etiquetas: |
Agregar Etiqueta
Sin Etiquetas, Sea el primero en etiquetar este registro!
|
MARC
| LEADER | 00000nam a2200000 a 4500 | ||
|---|---|---|---|
| 001 | UCK3224 | ||
| 003 | CL-VaPUC | ||
| 008 | 050415e19680000US |||||||||||||||||eng|d | ||
| 082 | 0 | 4 | |a 811 |b POE |2 21 |
| 100 | |a Poe, Edgar Allan |e author |9 313715 | ||
| 700 | 0 | |a Tate, Allen |e author |9 418502 | |
| 245 | 1 | 0 | |a Edgar Allan Poe: complete poetry and selected criticism |
| 300 | |a 285 p | ||
| 942 | |c BK | ||
| 945 | |d 20050415 00:00:00 |a jcarroza | ||
| 260 | |a Chicago |b The New American Library |c 1968 | ||
| 650 | 7 | |a POESIAS ESTADOUNIDENSES |2 CL-VaPUC |9 491284 | |
| 650 | 0 | |a Literatura estadounidense |9 317168 | |
| 583 | |a last modification |c 20050415 00:00:00 |k Rodrigo Vera | ||
| 490 | 0 | |a The Signet Classic Poetry Series | |
| 999 | |c 312485 |d 312483 | ||
| 952 | |0 0 |1 0 |4 0 |6 811_000000000000000_POE_1968 |7 0 |8 A |9 382891 |a BIBART |b BIBART |d 2019-11-21 |i 2126761 |o 811 POE 1968 |p 2126761 |r 2025-03-13 |w 2019-11-21 |y BK |k ART | ||